| 000 | 00496nam a2200181Ia 4500 | ||
|---|---|---|---|
| 999 |
_c13542 _d13542 |
||
| 003 | OSt | ||
| 005 | 20201110120806.0 | ||
| 008 | 190216s9999||||xx |||||||||||||| ||und|| | ||
| 020 | _a5050011493 | ||
| 040 | _coclc | ||
| 082 |
_a891.723 _bCHE/C |
||
| 100 |
_aChekhov, Anton _95230 |
||
| 245 | 0 |
_aCollected Works / _cAnton Chekhov |
|
| 260 |
_bRaduga Pub, _c1988. _aUSSR: |
||
| 300 | _a445p | ||
| 650 | _aEnglish Stories | ||
| 942 |
_cBK _2ddc _h891.723 _iANT/C _k891.723 _mANT/C |
||